000 00330nam a2200157Ia 4500
003 0STCL
008 150530s9999 xx 000 0 und d
040 _aSTCL
_cSTCL
100 _aTrr Iyengar
245 _aChoicest Quizzes
260 _c1993
546 _aEnglish
942 _2ddc
_cBK
999 _c343
_d343
005 20220125160156.0